Final covers for solid waste landfills and abandoned dumps

Guardado en:
Detalles Bibliográficos
Autores principales: Koerner, Robert M (Autor), Daniel, David E (Autor)
Formato: Libro
Lenguaje:inglés
Publicado: Reston ASCE 1997
Materias:
Etiquetas: Agregar Etiqueta
Sin Etiquetas, Sea el primero en etiquetar este registro!

MARC

LEADER 00000nam a2200000 a 4500
001 UCN4494
003 CL-VaPUC
008 010803e19970000US |||||||||||||||||eng|d
082 0 4 |a 628.44564  |b KOE  |2 21 
100 0 |a Koerner, Robert M  |e author  |9 460966 
700 0 |a Daniel, David E  |e author  |9 460967 
245 1 0 |a Final covers for solid waste landfills and abandoned dumps 
300 |a 256 p 
942 |c BK 
945 |d 20010803 00:00:00  |a cmena 
260 |a Reston  |b ASCE  |c 1997 
650 7 |a RELLENOS SANITARIOS  |2 CL-VaPUC  |9 411212 
650 0 |a Residuos sólidos   |9 367336 
650 0 |a Control de calidad   |9 259714 
583 |a last modification  |c 20130608 06:42:08  |k Rodrigo Vera 
999 |c 296727  |d 296725 
952 |0 0  |1 0  |4 0  |6 628_445640000000000_KOE_1997  |7 0  |8 A  |9 350813  |a BIBING  |b BIBING  |d 2019-11-20  |i 3738019  |o 628.44564 KOE 1997  |p 3738019  |r 2025-01-20  |w 2019-11-20  |y BK  |k CCL